000 00625nam a2200241Ia 4500
003 OSt
005 20221005131125.0
006 a|||||r|||| 00| 0
007 ta
008 221004b |||||||| |||| 00| 0 kan d
024 _a61027
037 _cTextual
040 _aCRL
_cCRL
_bkan
041 _2kan
_akan
082 _aO33,1NBUx, K8
100 _aHingamire Buddanna Au.
_9639136
245 0 _aShabda, rakta mattu mamsa
260 _c1968
650 _a KANNAD POETRY
650 _aKANNAD LITERATURE
942 _hO33,1NBUx, K8
_cTEXL
_2cc
999 _c1059406
_d1059406